Grecia en la edad del bronce (notice nᵒ 11487)
[ vue normale ]
| 000 -Sello discográfico | |
|---|---|
| campo de control de longitud fija | 00875nam a2200301 4500 |
| 005 - Identificación de versión | |
| campo de control | 20251016084742.0 |
| 035 ## - Otros números de control del sistema | |
| Número de control del sistema | 7758 |
| 099 ## - fechas locales | |
| Tipo de ítem Koha | LIBRO |
| 100 ## - Datos de procesamiento general | |
| Datos de procesamiento general | 20040608d1971 m y1spay5003 ba |
| 101 1# - Idioma del recurso | |
| Idioma del texto, banda sonora, etc. | Español; Castellano |
| Idioma de la obra original | Inglés |
| 105 ## - Campo de datos codificados: Material textual, monográfico | |
| Datos codificados de monografía | a 001zy |
| 200 1# - Título y mención de responsabilidad | |
| Título propio | Grecia en la edad del bronce |
| Designación general del material | texto impreso |
| Primer mención de responsabilidad | Emily Vermeule |
| Declaración de responsabilidad subsiguiente | traducción Carlos Villegas |
| 210 ## - Publicación, distribución, etc. | |
| Lugar de publicación, distribución, etc. | México |
| Nombre del editor, distribuidor, etc. | Fondo de Cultura Económica |
| Fecha de publicación, distribución, etc. | 1971 |
| 215 ## - Descripción física | |
| Designación de material específico y extensión del ítem | 451 p |
| Otras características físicas | il. |
| Dimensiones | 24 cm |
| 300 ## - Notas generales | |
| Texto de la nota | Traducción de : Greece in the bronze age |
| 345 ## - Nota de información de adquisición | |
| Fuente de adquisición/dirección de la suscripción [OBSOLETO] | Donación |
| 410 #1 - Series | |
| Título | Sección de Obras de Antropología |
| 606 ## - Término temático usado como materia | |
| Elemento de entrada | Civilización griega |
| Número Koha | 13038 |
| 676 ## - Clasificación Decimal Dewey | |
| Número | 938 V524g |
| 700 ## - Nombre personal - Responsabilidad primaria | |
| Elemento de entrada | Vermeule |
| Parte del nombre distinta del elemento de entrada | Emily |
| Número Koha | 18150 |
| 702 ## - Nombre personal - Responsabilidad secundaria | |
| Elemento de entrada | Villegas |
| Parte del nombre distinta del elemento de entrada | Carlos |
| Número Koha | 4550 |
| 801 #0 - Fuente de origen | |
| Agencia | cm |
| 900 ## - | |
| -- | 1/7602 |
| 900 ## - | |
| -- | 7100419367\080604 |
| 942 ## - ELEMENTOS DE ENTRADA SECUNDARIOS (KOHA) | |
| Tipo de ítem Koha | Livre |
Pas d'exemplaire disponible.